Un Náufrago en la Sopa

محفوظ في:
التفاصيل البيبلوغرافية
المؤلف الرئيسي: Laiglesia, Alvaro de
التنسيق: كتاب
اللغة:Undetermined
منشور في: Barcelona, España Planeta 1982
الطبعة:3
الموضوعات:
الوسوم: إضافة وسم
لا توجد وسوم, كن أول من يضع وسما على هذه التسجيلة!

MARC

LEADER 00000nam a2200000Ia 4500
008 170316s9999 xx 000 0 und d
040 |a cru BVZT 
090 |a 862 L-4.1u 
100 |a Laiglesia, Alvaro de 
245 |a Un Náufrago en la Sopa 
250 |a 3 
260 |a Barcelona, España 
260 |b Planeta 
260 |c 1982 
300 |a 287 páginas 
650 |a LITERATURA ESPAÑOLA 
999 |c 10084  |d 10084 
942 |c 15 D  |h 862 L-4.1u  |2 z